Wszyscy piłkarze w La Liga 2024/25 - Statystyki

Ogólne statystyki
  • Ten quiz został rozwiązany 73 razy
  • Średni wynik to 103 z 493
Statystyki odpowiedzi
Klub Narodowość Zawodnik % Poprawnych
Ukraina Andriy Lunin
93%
Polska Robert Lewandowski
93%
Francja Kylian Mbappé
90%
Hiszpania Lamine Yamal
88%
Urugwaj Ronald Araujo
88%
Polska Wojciech Szczesny
88%
Barcelona Niemcy Marc-André ter Stegen
87%
Niemcy Antonio Rüdiger
85%
Austria David Alaba
85%
Chorwacja Luka Modric
85%
Urugwaj Federico Valverde
83%
Hiszpania Fran García
83%
Hiszpania Pedri
83%
Brazylia Raphinha
83%
Real Madryt Belgia Thibaut Courtois
83%
Brazylia Vinicius Junior
83%
Hiszpania Gavi
82%
Anglia Jude Bellingham
82%
Brazylia Rodrygo
82%
Hiszpania Alejandro Balde
80%
Dania Andreas Christensen
80%
Brazylia Éder Militão
80%
Hiszpania Ferran Torres
80%
Holandia Frenkie de Jong
80%
Hiszpania Iñaki Peña
80%
Atletico Madryt Słowenia Jan Oblak
80%
Hiszpania Rubén García
80%
Hiszpania Álvaro García
78%
Hiszpania Diego García
78%
Brazylia Endrick
78%
Hiszpania Eric García
78%
Espanyol Hiszpania Joan García
78%
Hiszpania Kike García
78%
Hiszpania Raúl García
78%
Hiszpania Rubén Peña
78%
Hiszpania Unai García
78%
Turcja Arda Güler
77%
Francja Eduardo Camavinga
77%
Francja Aurélien Tchouaméni
75%
Hiszpania Carlos Martín
75%
Hiszpania Daniel Carvajal
75%
Hiszpania Gerard Martín
75%
Hiszpania Iván Martín
75%
Hiszpania Jon Martín
75%
Francja Jules Koundé
75%
Hiszpania Mario Martín
75%
Hiszpania Pablo Torre
75%
Francja Antoine Griezmann
72%
Hiszpania David Torres
72%
Francja Ferland Mendy
72%
Hiszpania Hugo Álvarez
72%
Andora Iker Álvarez
72%
Argentyna Julián Alvarez
72%
Hiszpania Yeray Álvarez
72%
Maroko Brahim Díaz
68%
Hiszpania Nico Williams
68%
Hiszpania Pau Cubarsí
68%
Hiszpania Fermín López
67%
Ghana Iñaki Williams
67%
Hiszpania Iñigo Martínez
67%
Hiszpania Raúl Asencio
67%
Hiszpania Arnau Martínez
63%
Hiszpania Toni Martínez
63%
Hiszpania Lucas Vázquez
62%
Hiszpania Pedro Díaz
62%
Hiszpania David López
60%
Hiszpania Diego López
60%
Hiszpania Fer López
60%
Hiszpania Javi López
60%
Hiszpania Roberto López
60%
Hiszpania Unai López
60%
Hiszpania Dani Olmo
58%
Hiszpania Jesús Vázquez
57%
Hiszpania Mikel Oyarzabal
57%
Hiszpania Dani Ceballos
55%
Norwegia Alexander Sørloth
53%
Argentyna Rodrigo De Paul
53%
Athletic Bilbao Hiszpania Unai Simón
53%
Hiszpania Ansu Fati
52%
Hiszpania Marc Casadó
52%
Belgia Axel Witsel
50%
Urugwaj José María Giménez
50%
Japonia Takefusa Kubo
48%
Valencia Gruzja Giorgi Mamardashvili
47%
Argentyna Nahuel Molina
47%
Hiszpania Aridane Hernández
43%
Anglia Conor Gallagher
43%
Kolumbia Cucho Hernández
43%
Hiszpania Javi Hernández
43%
Hiszpania Robin Le Normand
43%
Brazylia Antony
42%
Francja Clément Lenglet
42%
Hiszpania Koke
42%
Hiszpania Adrián Rodríguez
40%
Urugwaj Álvaro Rodríguez
40%
Hiszpania Damián Rodríguez
40%
Hiszpania Dani Rodríguez
40%
Hiszpania Héctor Fort
40%
Hiszpania Javi Rodríguez
40%
Hiszpania Jesús Rodríguez
40%
Hiszpania Kirian Rodríguez
40%
Hiszpania Óscar Rodríguez
40%
Szwajcaria Ricardo Rodríguez
40%
Hiszpania Aitor Fernández
38%
Sevilla Hiszpania Álvaro Fernández
38%
Argentyna Giuliano Simeone
38%
Hiszpania Pelayo Fernández
38%
Hiszpania Peque Fernández
38%
Hiszpania Roberto Fernández
38%
Francja Thomas Lemar
38%
Hiszpania Valery Fernández
38%
Real Sociedad Hiszpania Álex Remiro
37%
Hiszpania Isco
37%
Hiszpania Jesús Vallejo
37%
Hiszpania Iago Aspas
35%
Hiszpania Pau Víctor
35%
Ukraina Viktor Tsygankov
35%
Argentyna Ángel Correa
33%
Hiszpania Diego Llorente
33%
Hiszpania Marc Bernal
33%
Hiszpania Marcos Llorente
33%
Hiszpania Martín Zubimendi
33%
Mozambik Reinildo
33%
Chorwacja Ante Budimir
32%
Hiszpania Dani Parejo
32%
Hiszpania Alfon González
30%
Hiszpania Fran González
30%
Hiszpania Sergio González
30%
Hiszpania Antonio Sánchez
28%
Hiszpania Iván Sánchez
28%
Hiszpania Javi Sánchez
28%
Hiszpania Juanlu Sánchez
28%
Argentyna Juan Musso
28%
Hiszpania Manu Sánchez
28%
Hiszpania Pablo Barrios
28%
Urugwaj Cristhian Stuani
27%
Hiszpania Gerard Moreno
27%
Hiszpania Oihan Sancet
27%
Brazylia Samuel Lino
27%
Hiszpania Yéremy Pino
27%
Holandia Daley Blind
23%
Hiszpania Dani Vivian
23%
Portugalia Fábio Silva
23%
Brazylia Henrique Silva
23%
Hiszpania Moi Gómez
23%
Hiszpania Sergi Gómez
23%
Hiszpania Sergio Gómez
23%
Hiszpania Unai Gómez
23%
Girona Argentyna Paulo Gazzaniga
22%
Osasuna Hiszpania Sergio Herrera
22%
Wenezuela Yangel Herrera
22%
DRK Cédric Bakambu
20%
Szwajcaria Djibril Sow
20%
Czechy Ladislav Krejci
20%
Hiszpania Yarek Gasiorowski
20%
Hiszpania Ayoze Pérez
18%
Hiszpania Borja Iglesias
18%
Hiszpania Carles Pérez
18%
Hiszpania César Azpilicueta
18%
Hiszpania Coba da Costa
18%
Hiszpania Fran Pérez
18%
Argentyna Giovani Lo Celso
18%
Hiszpania José Gayà
18%
Hiszpania Juan Iglesias
18%
RZP Logan Costa
18%
Hiszpania Luis Pérez
18%
Hiszpania Marcos Alonso
18%
WKS Nicolas Pépé
18%
Portugalia Samú Costa
18%
Hiszpania Aihen Muñoz
17%
Hiszpania Álex Muñoz
17%
Hiszpania Álvaro Odriozola
17%
Hiszpania Brais Méndez
17%
Hiszpania Carlos Romero
17%
Hiszpania Gorka Guruzeta
17%
Hiszpania Iker Muñoz
17%
Hiszpania Isaac Romero
17%
Hiszpania Javi Galán
17%
Hiszpania Javi Muñoz
17%
Hiszpania Joni Montiel
17%
Francja Loïc Badé
17%
Maroko Nayef Aguerd
17%
Serbia Nemanja Gudelj
17%
Hiszpania Oriol Romeu
17%
Hiszpania Abel Ruiz
15%
Hiszpania Alex Suárez
15%
Getafe Hiszpania David Soria
15%
Hiszpania Denis Suárez
15%
Argentyna Juan Foyth
15%
Senegal Pape Gueye
15%
Szwajcaria Rubén Vargas
15%
Kosowo Vedat Muriqi
15%
Belgia Adnan Januzaj
13%
Hiszpania Álex Baena
13%
Hiszpania Benito Ramírez
13%
Togo Djené
13%
Hiszpania Hugo Duro
13%
Chorwacja Luka Sucic
13%
Hiszpania Miguel Gutiérrez
13%
Szkocja Oli McBurnie
13%
Hiszpania Óscar de Marcos
13%
Argentyna Rodrigo Riquelme
13%
Hiszpania Sandro Ramírez
13%
Portugalia William Carvalho
13%
Hiszpania Borja Mayoral
12%
Belgia Dodi Lukébakio
12%
Mali Hamari Traoré
12%
Hiszpania Héctor Bellerín
12%
Hiszpania Igor Zubeldia
12%
USA Johnny Cardoso
12%
Brazylia Marcão
12%
Hiszpania Marc Bartra
12%
Gwinea Mouctar Diakhaby
12%
Hiszpania Pepelu
12%
Hiszpania Rafa Mir
12%
Hiszpania Saúl Ñíguez
12%
Hiszpania Unai Núñez
12%
Hiszpania Vicente Guaita
12%
Senegal Youssouf Sabaly
12%
Hiszpania Alberto Moleiro
10%
Czechy Alex Král
10%
Rumunia Andrei Rațiu
10%
Holandia Arnaut Danjuma
10%
Hiszpania Bryan Gil
10%
Argentyna Chimy Ávila
10%
WKS Eric Bailly
10%
Hiszpania Isi Palazón
10%
Hiszpania Javi Guerra
10%
Kolumbia Johan Mojica
10%
Hiszpania Juan Bernat
10%
Real Valladolid Estonia Karl Hein
10%
Brazylia Luiz Júnior
10%
Maroko Munir El Haddadi
10%
Norwegia Ørjan Nyland
10%
Hiszpania Óscar Mingueza
10%
Hiszpania Pablo Ramón
10%
Surinam Sheraldo Becker
10%
Hiszpania Suso
10%
Hiszpania Yuri Berchiche
10%
Hiszpania Adrián
8%
Hiszpania Aitor Paredes
8%
Hiszpania Álex Berenguer
8%
Hiszpania Carlos Domínguez
8%
Holandia Donny van de Beek
8%
Hiszpania Jaime Mata
8%
Hiszpania Jofre Carreras
8%
Wenezuela Jon Aramburu
8%
Ghana Joseph Aidoo
8%
Brazylia Natan
8%
Islandia Orri Óskarsson
8%
Hiszpania Pablo Marín
8%
Hiszpania Raúl Albiol
8%
Hiszpania Aitor Ruibal
7%
Senegal Amath Ndiaye
7%
Hiszpania Ander Barrenetxea
7%
Portugalia André Almeida
7%
Hiszpania Aritz Elustondo
7%
Nigeria Christantus Uche
7%
Kanada Cyle Larin
7%
Hiszpania Diego Rico
7%
Mallorca Słowacja Dominik Greif
7%
Hiszpania Fernando Pacheco
7%
Gwinea Ilaix Moriba
7%
Hiszpania Javi Puado
7%
Hiszpania Jon Pacheco
7%
Serbia Marko Dmitrovic
7%
Hiszpania Mikel Jauregizar
7%
Hiszpania Mikel Vesga
7%
Hiszpania Pablo Fornals
7%
Senegal Pathé Ciss
7%
Hiszpania Peio Canales
7%
Peru Renato Tapia
7%
Hiszpania Santi Comesaña
7%
Gwinea Seydouba Cissé
7%
Macedonia Stole Dimitrievski
7%
Kanada Tajon Buchanan
7%
Nigeria Umar Sadiq
7%
Maroko Abde Ezzalzouli
5%
Hiszpania Aimar Oroz
5%
Hiszpania Alejandro Francés
5%
Serbia Aleksandar Sedlar
5%
Hiszpania Andoni Gorosabel
5%
Hiszpania Ángel Ortiz
5%
Hiszpania Antonio Blanco
5%
Rosja Arsen Zakharyan
5%
Hiszpania Asier Villalibre
5%
Hiszpania Beñat Prados
5%
Szwajcaria Eray Cömert
5%
Francja Florian Lejeune
5%
Hiszpania Iñigo Lekue
5%
Hiszpania Iñigo Ruiz de Galarreta
5%
Hiszpania Jorge de Frutos
5%
Hiszpania Juanmi
5%
Hiszpania Leo Román
5%
Hiszpania Luis Milla
5%
Albania Marash Kumbulla
5%
Urugwaj Mauro Arambarri
5%
Korea Płd. Min-su Kim
5%
Argentyna Pablo Maffeo
5%
Hiszpania Pere Milla
5%
Hiszpania Portu
5%
Hiszpania Raúl de Tomás
5%
Szkocja Scott McKenna
5%
Hiszpania Sergi Darder
5%
Portugalia Thierry Correia
5%
Hiszpania Adrià Altimira
3%
Belgia Albert Sambi Lokonga
3%
Kamerun Allan Nyom
3%
Hiszpania Álvaro Djaló
3%
Portugalia André Ferreira
3%
Brazylia Arthur
3%
Macedonia Bojan Miovski
3%
Hiszpania Bryan Zaragoza
3%
Hiszpania Carles Aleñá
3%
Turcja Cenk Özkacar
3%
Hiszpania Chuki
3%
Hiszpania Cristhian Mosquera
3%
Portugalia Domingos Duarte
3%
Argentyna Enzo Barrenechea
3%
Hiszpania Fran Beltrán
3%
Hiszpania Hugo Guillamón
3%
Holandia Jasper Cillessen
3%
Hiszpania Jon Ander Olasagasti
3%
Hiszpania José Campaña
3%
Hiszpania José Copete
3%
Hiszpania Juan Carlos
3%
Hiszpania Juanmi Latasa
3%
Hiszpania Julen Agirrezabala
3%
Hiszpania Lucas Torró
3%
Hiszpania Manu Bueno
3%
Hiszpania Marc Cardona
3%
Hiszpania Maroan Sannadi
3%
Hiszpania Miguel de la Fuente
3%
Mali Moussa Diarra
3%
Paragwaj Omar Alderete
3%
Maroko Omar El Hilali
3%
Gwinea Równikowa Omar Mascarell
3%
Maroko Omar Sadik
3%
Hiszpania Pablo Durán
3%
Hiszpania Pau Navarro
3%
Hiszpania Ramón Terrats
3%
Angola Randy Nteka
3%
Hiszpania Robert Navarro
3%
Maroko Selim Amallah
3%
Hiszpania Sergi Altimira
3%
Hiszpania Sergi Cardona
3%
Hiszpania Stefan Bajcetic
3%
Japonia Takuma Asano
3%
Francja Thierno Barry
3%
Francja Willy Kambwala
3%
Hiszpania Yellu Santiago
3%
Hiszpania Adama Boiro
2%
Hiszpania Adrià Pedrosa
2%
Nigeria Akor Adams
2%
Hiszpania Alfonso Pedraza
2%
Hiszpania Álvaro Aguado
2%
Włochy Antonio Candela
2%
Hiszpania Antoniu Roca
2%
Maroko Anuar
2%
Hiszpania Arkaitz Mariezkurrena
2%
Rayo Vallecano Argentyna Augusto Batalla
2%
Hiszpania Beñat Turrientes
2%
Turcja Bertuğ Yıldırım
2%
Chorwacja Borna Barisic
2%
Portugalia Dário Essugo
2%
Villarreal Hiszpania Diego Conde
2%
Gwadelupa Dimitri Foulquier
2%
Hiszpania Edu Expósito
2%
Kamerun Enzo Boyomo
2%
Austria Florian Grillitsch
2%
Hiszpania Hugo Sotelo
2%
Maroko Ilias Akhomach
2%
Albania Iván Balliu
2%
Celta Vigo Hiszpania Iván Villar
2%
Hiszpania Jon Moncayola
2%
Hiszpania José Ángel Carmona
2%
Argentyna Julián Chicco
2%
Urugwaj Leandro Cabrera
2%
Brazylia Marcos André
2%
Hiszpania Marc Roca
2%
Słowacja Martin Valjent
2%
Hiszpania Marvin Park
2%
Hiszpania Mateo Flores
2%
Serbia Matija Nastasić
2%
Hiszpania Mika Mármol
2%
Argentyna Oscar Trejo
2%
Hiszpania Óscar Valentín
2%
Hiszpania Pablo Ibáñez
2%
Hiszpania Pol Lozano
2%
Hiszpania Raúl Moro
2%
Urugwaj Santiago Mouriño
2%
Chorwacja Stanko Juric
2%
Węgry Tamás Nikitscher
2%
Francja Tanguy Nianzou
2%
Hiszpania Toni Lato
2%
Hiszpania Unai Marrero
2%
Francja Valentin Rosier
2%
Kolumbia Yáser Asprilla
2%
Maroko Abdel Abqar
0%
Hiszpania Abdón Prats
0%
Ghana Abdul Mumin
0%
Hiszpania Abel Bretones
0%
Maroko Adam Aznou
0%
Hiszpania Adrián Embarba
0%
Hiszpania Adrián Pica
0%
Hiszpania Alberto Risco
0%
Hiszpania Alejandro Catena
0%
Argentyna Alejo Veliz
0%
Hiszpania Álex Sola
0%
Urugwaj Alfonso Espino
0%
Hiszpania Álvaro Tejero
0%
Hiszpania Ander Guevara
0%
Francja Andy Pelmard
0%
Hiszpania Ángel Fortuño
0%
Hiszpania Antonio Raíllo
0%
Deportivo Alaves Hiszpania Antonio Sivera
0%
Hiszpania Brian Oliván
0%
Urugwaj Carlos Protesoni
0%
Hiszpania Carlos Vicente
0%
Szwecja Carl Starfelt
0%
Hiszpania César Tárrega
0%
Nigeria Chidera Ejuke
0%
Portugalia Chiquinho
0%
Hiszpania Dani Cárdenas
0%
Hiszpania Dani Raba
0%
Serbia Darko Brasanac
0%
Wenezuela Darwin Machís
0%
Las Palmas Chorwacja Dinko Horkas
0%
RZP Duk
0%
Hiszpania Enric Franquesa
0%
Francja Enzo Loiodice
0%
Argentyna Facundo Garcés
0%
Hiszpania Fernando Calero
0%
Argentyna Franco Cervi
0%
Real Betis Hiszpania Fran Vieites
0%
Holandia Gabriel Misehouy
0%
Hiszpania Gerard Gumbau
0%
Hiszpania Hugo Novoa
0%
Hiszpania Iker Losada
0%
Hiszpania Iván Cuéllar
0%
Hiszpania Iván Jaime
0%
Brazylia Jailson
0%
Hiszpania Jaume Doménech
0%
Hiszpania Javier Manquillo
0%
Hiszpania Jesús Areso
0%
Gwinea Równikowa Jesús Owono
0%
Kolumbia Jhon Solís
0%
Czechy Jiri Letacek
0%
Hiszpania Joan Jordán
0%
Hiszpania Jon Guridi
0%
Hiszpania Jorge Herrando
0%
Hiszpania Jorge Sáenz
0%
Hiszpania José Gragera
0%
Hiszpania José Manuel Arnáiz
0%
Hiszpania Juan Berrocal
0%
Hiszpania Juan Cruz
0%
Hiszpania Juanma Herzog
0%
Hiszpania Juanpe
0%
Leganes Hiszpania Juan Soriano
0%
Kanada Justin Smith
0%
Brazylia Kenedy
0%
Hiszpania Kike Barja
0%
Hiszpania Kike Salas
0%
Hiszpania Kiko Femenía
0%
Francja Lucien Agoumé
0%
Hiszpania Luis Rioja
0%
Senegal Mamadou Sylla
0%
Hiszpania Manu Fuster
0%
Hiszpania Manu Morlanes
0%
Hiszpania Martín Tejón
0%
Hiszpania Mateu Morey
0%
Anglia Max Aarons
0%
Serbia Mihailo Ristic
0%
Argentyna Nahuel Tenaglia
0%
Hiszpania Pau Cabanes
0%
Hiszpania Pep Chavarría
0%
Dominikana Peter Federico
0%
Hiszpania Rafel Bauzà
0%
Francja Romain Perraud
0%
Hiszpania Sergi Canós
0%
Hiszpania Sergi Guardiola
0%
Hiszpania Sergio Camello
0%
Hiszpania Sergio Carreira
0%
Belgia Stanis Idumbo
0%
Argentyna Tomás Conechny
0%
Hiszpania Urko González de Zárate
0%
Hiszpania Viti Rozada
0%
Ukraina Vladyslav Krapyvtsov
0%
Maroko Walid Cheddira
0%
Szwecja Williot Swedberg
0%
Kamerun Yvan Neyou
0%
Nie znaleziono quizów pasujących do podanych kryteriów
Rozkład punktacji
Procent ludzi z każdym wynikiem
Percentyl według liczby udzielonych odpowiedzi
Twoja historia wyników
Nie rozwiązałeś tego quizu